[Event "26th 4NCL Congress"]
[Site "Woodland Grange, Old Milverton"]
[Date "2021.09.11"]
[Round "2.7"]
[White "Gillespie, David P"]
[Black "Arora, Tashika"]
[Result "1-0"]
[WhiteElo "1997"]
[BlackElo "1840"]
[PlyCount "163"]
[EventDate "2021.09.10"]

1. d4 Nf6 2. Nf3 g6 3. Nc3 d5 4. Bf4 Bg7 5. e3 O-O 6. Be2 c5 7. Ne5 Nc6 8. O-O
cxd4 9. exd4 Bf5 10. Bb5 Rc8 11. Nxc6 bxc6 12. Ba6 Qb6 13. Bxc8 Rxc8 14. Na4
Qb5 15. c3 Nd7 16. Qb3 Bd3 17. Rfe1 e6 18. Bd6 Bh6 19. Qxb5 Bxb5 20. Nc5 Nxc5
21. Bxc5 Rc7 22. g3 Rb7 23. f4 Bd3 24. Red1 Be4 25. Rd2 g5 26. Bd6 f6 27. fxg5
Bxg5 28. Bf4 Bxf4 29. gxf4 Rg7+ 30. Kf1 Rg4 31. a4 Rxf4+ 32. Rf2 Rh4 33. Ke2 f5
34. Ra3 Kf7 35. Rb3 Kf6 36. Rb7 a6 37. Rc7 Bc2 38. a5 Ba4 39. Rg2 Bb5+ 40. Kf3
Rh3+ 41. Rg3 Rxg3+ 42. hxg3 h6 43. Kf4 Ba4 44. Rh7 Kg6 45. Ra7 Bb5 46. Ke5 h5
47. Kxe6 Bd3 48. Ke5 Kg5 49. Rg7+ Kh6 50. Rg8 Kh7 51. Rg5 Kh6 52. Kf4 Be4 53.
Rxf5 Kg6 54. Rg5+ Kh6 55. Rg8 Bd3 56. Rc8 Bb5 57. Kf5 Ba4 58. Kf6 Kh7 59. Kg5
Bd1 60. Rxc6 Be2 61. Rh6+ Kg7 62. Rxh5 Kf7 63. Rh6 Bd3 64. Rf6+ Kg7 65. g4 Bc4
66. Rd6 Kf7 67. Kh6 Ke7 68. Rb6 Kf7 69. g5 Bd3 70. g6+ Bxg6 71. Rxg6 Ke7 72.
Rxa6 Kf7 73. Rb6 Ke7 74. a6 Kd7 75. a7 Kc7 76. Ra6 Kd7 77. a8=Q Kc7 78. Qc6+
Kd8 79. Qd6+ Kc8 80. Rc6+ Kb7 81. Qc7+ Ka8 82. Ra6# 1-0

[Event "26th 4NCL Congress"]
[Site "Woodland Grange, Old Milverton"]
[Date "2021.09.11"]
[Round "2.8"]
[White "Sarfas, Robin"]
[Black "Hankey, Chris P"]
[Result "1-0"]
[WhiteElo "1983"]
[BlackElo "1780"]
[PlyCount "57"]
[EventDate "2021.09.10"]

1. d4 Nf6 2. c4 g6 3. Nc3 Bg7 4. e4 d6 5. Nf3 Bg4 6. Be2 Nbd7 7. O-O O-O 8. Be3
c6 9. d5 c5 10. Nd2 Ne5 11. h3 Bxe2 12. Qxe2 Nh5 13. Rab1 f5 14. exf5 Rxf5 15.
Nde4 h6 16. f4 Nd7 17. g4 Nxf4 18. Rxf4 Re5 19. Rbf1 Nf6 20. Nxf6+ Bxf6 21. Re4
Rxe4 22. Nxe4 Bg7 23. Qd2 Kh7 24. Rf7 Qe8 25. Qf2 Kg8 26. Rf3 Qd7 27. Kg2 a6
28. Qh4 g5 29. Bxg5 1-0

[Event "26th 4NCL Congress"]
[Site "Woodland Grange, Old Milverton"]
[Date "2021.09.11"]
[Round "2.9"]
[White "Radford, Mark Sr"]
[Black "Idle, Oscar J"]
[Result "0-1"]
[WhiteElo "1780"]
[BlackElo "1979"]
[PlyCount "70"]
[EventDate "2021.09.10"]

1. Nf3 d5 2. d4 Nf6 3. c4 c6 4. e3 Bf5 5. Nc3 e6 6. Qb3 Qb6 7. Be2 Nbd7 8. O-O
Be7 9. Bd2 O-O 10. c5 Qc7 11. Qd1 e5 12. dxe5 Nxe5 13. Nd4 Bd3 14. b4 a5 15. a3
axb4 16. axb4 Rxa1 17. Qxa1 Bxe2 18. Ncxe2 Nc4 19. Bc3 Ne4 20. Qa7 Bg5 21. Kh1
Qc8 22. Qa1 Bf6 23. Kg1 h5 24. Ng3 h4 25. Nxe4 dxe4 26. h3 Ne5 27. Ne2 Re8 28.
Nf4 g5 29. Ne2 Kh7 30. Qb1 Qf5 31. f3 Nd7 32. Bxf6 Nxf6 33. Nd4 Qg6 34. fxe4
Nxe4 35. Nf5 Nd2 0-1

[Event "26th 4NCL Congress"]
[Site "Woodland Grange, Old Milverton"]
[Date "2021.09.11"]
[Round "2.11"]
[White "Taylor, Robert G"]
[Black "Lee, James"]
[Result "1-0"]
[WhiteElo "1960"]
[BlackElo "1773"]
[PlyCount "79"]
[EventDate "2021.09.10"]

1. Nf3 c5 2. g3 Nc6 3. Bg2 g6 4. O-O Bg7 5. d3 Nf6 6. e4 d6 7. c3 O-O 8. h3 Bd7
9. Nbd2 Qc8 10. Kh2 b5 11. d4 cxd4 12. Nxd4 Rb8 13. N2b3 b4 14. Bd2 a5 15. Qe1
Ne5 16. Nxa5 Nd3 17. Qb1 Qa6 18. Nab3 e5 19. Nc2 Bc6 20. Nxb4 Nxb4 21. cxb4 Bb5
22. Re1 Bd3 23. Qd1 Rfc8 24. f3 Rc2 25. Bc3 Bh6 26. Nc1 Rxc1 27. Rxc1 Bxc1 28.
Qxc1 Qxa2 29. Qd2 Qa6 30. Rd1 Be2 31. Qxd6 Rb6 32. Qd8+ Kg7 33. Rd2 Rd6 34. Qa5
Bf1 35. Qxa6 Bxa6 36. h4 Kf8 37. Bh3 Rb6 38. Bxe5 Ke7 39. Bd4 Rb8 40. Bxf6+ 1-0

[Event "26th 4NCL Congress"]
[Site "Woodland Grange, Old Milverton"]
[Date "2021.09.11"]
[Round "2.12"]
[White "Winter, Kevin"]
[Black "Angheluta, Ovidiu"]
[Result "0-1"]
[WhiteElo "1786"]
[BlackElo "1953"]
[PlyCount "168"]
[EventDate "2021.09.10"]

1. e4 d5 2. exd5 Qxd5 3. Nc3 Qa5 4. Nf3 Nf6 5. d4 Bg4 6. h3 Bh5 7. Be2 e6 8.
O-O c6 9. a3 Bd6 10. Be3 Nbd7 11. Qd2 h6 12. Nb5 Qxd2 13. Nxd6+ Ke7 14. Bxd2
Kxd6 15. Bf4+ Ke7 16. Rfe1 g5 17. Be5 Rhg8 18. Bxf6+ Nxf6 19. Ne5 Bxe2 20. Rxe2
Nd5 21. g3 Rac8 22. Rae1 Rgd8 23. Nd3 b6 24. Ne5 Rd6 25. Nc4 Rd7 26. Ne5 Rdc7
27. c3 Rd8 28. Kg2 Rd6 29. Nc4 Rd8 30. Ne5 Kf6 31. Ng4+ Kg7 32. Ne5 c5 33. Nf3
Kf6 34. Re5 Ne7 35. R5e4 Nf5 36. dxc5 Rxc5 37. Ra4 Rd7 38. Rae4 Rcd5 39. Ne5
Rd8 40. Ng4+ Kg7 41. Ne5 Rd2 42. R4e2 Kf6 43. Ng4+ Ke7 44. Ne5 R8d5 45. Nf3
Rxe2 46. Rxe2 Kd6 47. g4 Ne7 48. Re4 Ng6 49. Nd4 Kc5 50. Nb3+ Kd6 51. Nd4 a6
52. Nf3 Nf4+ 53. Kg3 e5 54. c4 Rd3 55. Re3 f6 56. Rxd3+ Nxd3 57. b3 Kc5 58. h4
Nc1 59. hxg5 hxg5 60. Nd2 Kd4 61. Kf3 Kd3 62. Ne4 Nxb3 63. Nxf6 Nd4+ 64. Kg3 e4
65. Nh7 Nf3 66. Nf6 Nd2 67. Nh7 Nf3 68. Nf6 Kd4 69. Nd5 b5 70. Nb4 bxc4 71.
Nxa6 c3 72. Nb4 Kc4 73. Nc2 Kb3 74. Nb4 Kxa3 75. Nc2+ Kb2 76. Ne3 c2 77. Nxc2
Kxc2 78. Kg2 Kd2 79. Kh1 Ne5 80. Kg2 Nxg4 81. f4 gxf4 82. Kg1 f3 83. Kf1 e3 84.
Kg1 e2 0-1

[Event "26th 4NCL Congress"]
[Site "Woodland Grange, Old Milverton"]
[Date "2021.09.11"]
[Round "2.14"]
[White "Khan, Khalid"]
[Black "Mort, Andrew J"]
[Result "1-0"]
[WhiteElo "1735"]
[BlackElo "1930"]
[PlyCount "81"]
[EventDate "2021.09.10"]

1. d4 f5 2. c4 Nf6 3. Nc3 e6 4. Nf3 d5 5. cxd5 exd5 6. Bg5 Be7 7. e3 O-O 8. Be2
c6 9. O-O Nbd7 10. Qc2 Ne4 11. Bf4 Ndf6 12. Ne5 Nd7 13. f3 Nxc3 14. bxc3 Nxe5
15. Bxe5 Bd6 16. f4 Be6 17. Bd3 g6 18. Rf3 Bxe5 19. fxe5 Qe7 20. Raf1 Rf7 21.
c4 Raf8 22. cxd5 Bxd5 23. Rg3 Kh8 24. Bc4 Qe6 25. Bxd5 Qxd5 26. Rf4 Qe6 27. h4
h5 28. Qf2 Kg7 29. Qe2 Kh7 30. Rgf3 Kg7 31. g3 Qd5 32. a4 b6 33. Qf2 a5 34. Qb2
b5 35. axb5 cxb5 36. e6 Qxe6 37. e4 Kg8 38. Qxb5 fxe4 39. Rxf7 Rxf7 40. d5 Qg4
41. Qe8+ 1-0

[Event "26th 4NCL Congress"]
[Site "Woodland Grange, Old Milverton"]
[Date "2021.09.11"]
[Round "2.16"]
[White "Waterfield, Mark Bw"]
[Black "Abbott, Mark V"]
[Result "1-0"]
[WhiteElo "1756"]
[BlackElo "1915"]
[PlyCount "91"]
[EventDate "2021.09.10"]

1. e4 c5 2. Nf3 g6 3. d4 cxd4 4. Qxd4 Nf6 5. Nc3 Nc6 6. Qa4 Bg7 7. e5 Ng8 8.
Bf4 Nh6 9. Be2 O-O 10. O-O Ng4 11. Qe4 Qa5 12. Bb5 a6 13. Bxc6 bxc6 14. h3 d5
15. exd6 Nf6 16. Qxc6 Bf5 17. Qa4 Qxa4 18. Nxa4 exd6 19. Bxd6 Rfd8 20. Ba3 Bxc2
21. Nc3 Rac8 22. Rac1 Bf5 23. Rfd1 Be4 24. Nxe4 Nxe4 25. Rxd8+ Rxd8 26. Rc6 h6
27. g3 a5 28. Ra6 Rd5 29. Ra8+ Kh7 30. Ra7 Rf5 31. Kg2 Nd2 32. Nh4 Bd4 33. Nxf5
Bxa7 34. Ne3 Nb1 35. Bd6 Bd4 36. b4 axb4 37. Bxb4 Nc3 38. a3 Na4 39. h4 Kg7 40.
Kf3 Nb6 41. Ke4 Bb2 42. f3 f5+ 43. Kd3 Be5 44. Bc3 Kf6 45. Bxe5+ Kxe5 46. Nc4+
1-0

[Event "26th 4NCL Congress"]
[Site "Woodland Grange, Old Milverton"]
[Date "2021.09.11"]
[Round "2.17"]
[White "Homer, Neil S"]
[Black "Iskauskas, Alexander"]
[Result "0-1"]
[WhiteElo "1728"]
[BlackElo "1893"]
[PlyCount "166"]
[EventDate "2021.09.10"]

1. Nf3 Nf6 2. c4 g6 3. d4 Bg7 4. g3 O-O 5. Bg2 d6 6. Nc3 Nc6 7. O-O e5 8. dxe5
dxe5 9. Bg5 Qxd1 10. Raxd1 h6 11. Bxf6 Bxf6 12. Nd5 Bd8 13. e4 Bg4 14. Rd2 Bxf3
15. Bxf3 Nd4 16. Bg2 c6 17. Nc3 Ba5 18. Rfd1 Rfd8 19. Kh1 Bxc3 20. bxc3 Ne6 21.
Bh3 Rxd2 22. Rxd2 Rd8 23. Rxd8+ Nxd8 24. Kg1 Kf8 25. f4 f6 26. Kf2 Ke7 27. c5
b6 28. cxb6 axb6 29. Ke3 Kd6 30. Kd3 Kc5 31. a4 Kd6 32. Bc8 Kc7 33. Bg4 Nb7 34.
Bd1 Kd6 35. Kc4 Nc5 36. Bc2 Ne6 37. fxe5+ Kxe5 38. Kd3 Nf4+ 39. Ke3 h5 40. h3
g5 41. g4 h4 42. Kf2 Ne6 43. Bd3 Nf4 44. Bf1 Kd6 45. Ke3 Ke5 46. Kf3 Ne6 47.
Bd3 Nc5 48. Bc2 Nb7 49. Ke3 Nd6 50. Kf3 c5 51. Bd3 Nb7 52. Be2 Na5 53. Bf1 Nb3
54. Ke3 c4 55. Bxc4 Nc5 56. Bd5 Nxa4 57. c4 Nb2 58. Bf7 Nd1+ 59. Kf3 Kd4 60.
Be6 Nb2 61. Bd7 Nxc4 62. Bb5 Ne5+ 63. Ke2 Kxe4 64. Kf2 Kf4 65. Bf1 Ke4 66. Ke2
Ng6 67. Bg2+ Kd4 68. Kd2 Nf4 69. Bf1 b5 70. Bxb5 Nxh3 71. Bf1 Nf2 72. Ke2 Nxg4
73. Bh3 f5 74. Kf3 Ne5+ 75. Kf2 g4 76. Bg2 Nd3+ 77. Kg1 Ke3 78. Kh2 g3+ 79. Kg1
f4 80. Kf1 f3 81. Bh3 Nf4 82. Bd7 g2+ 83. Kg1 Ne2+ 0-1

[Event "26th 4NCL Congress"]
[Site "Woodland Grange, Old Milverton"]
[Date "2021.09.11"]
[Round "2.20"]
[White "Cawston, M John"]
[Black "Jones, Tim"]
[Result "1-0"]
[WhiteElo "1863"]
[BlackElo "1698"]
[PlyCount "101"]
[EventDate "2021.09.10"]

1. e4 c5 2. Nf3 d6 3. Bb5+ Bd7 4. Bxd7+ Nxd7 5. O-O Ngf6 6. Re1 g6 7. c4 Bg7 8.
Nc3 O-O 9. d3 a6 10. h3 e6 11. Bf4 Qb6 12. Qe2 Nh5 13. Bh2 Rad8 14. Rac1 Ne5
15. b3 Qa5 16. Bxe5 Bxe5 17. Nxe5 dxe5 18. g3 Rd7 19. Qc2 Qd8 20. Rcd1 Qg5 21.
Kh2 Qf6 22. Re3 Rfd8 23. Na4 Qe7 24. Qc3 Rd4 25. Qa5 Qf6 26. Qe1 Qe7 27. Qe2
Nf6 28. Nb2 Kg7 29. Rf1 h5 30. Kg2 Rf8 31. f4 exf4 32. gxf4 Rdd8 33. Qf2 Nd7
34. f5 exf5 35. exf5 Qd6 36. Qg3 Qxg3+ 37. Kxg3 g5 38. Na4 Rfe8 39. Re4 Kf6 40.
Nc3 h4+ 41. Kg2 Nb6 42. Rxe8 Rxe8 43. Ne4+ Kg7 44. Nxc5 Re2+ 45. Kf3 Rxa2 46.
Kg4 f6 47. Kh5 Re2 48. Rf3 Re7 49. Ne6+ Kh7 50. Re3 Re8 51. Nxg5+ 1-0

[Event "26th 4NCL Congress"]
[Site "Woodland Grange, Old Milverton"]
[Date "2021.09.11"]
[Round "2.22"]
[White "Murphy, Ross"]
[Black "O'gorman, Brendan"]
[Result "0-1"]
[WhiteElo "1707"]
[BlackElo "1843"]
[PlyCount "80"]
[EventDate "2021.09.10"]

1. Nf3 d5 2. g3 Bg4 3. Bg2 Nd7 4. d4 e6 5. c4 Ngf6 6. Qa4 c6 7. cxd5 exd5 8.
Nc3 Bd6 9. O-O O-O 10. Re1 Re8 11. h3 Bf5 12. Nh4 Be4 13. Nxe4 Nxe4 14. Nf5 Bc7
15. Qb3 Qf6 16. Qf3 g6 17. Nh6+ Kg7 18. Be3 Qxf3 19. Bxf3 Nxg3 20. Ng4 Nf5 21.
Rad1 Nxe3 22. Nxe3 Nf6 23. Kg2 Ne4 24. Rh1 Ng5 25. Bg4 h5 26. h4 Ne6 27. Bf3
Bb6 28. Nc2 Kh6 29. e3 Ng7 30. Be2 Nf5 31. Ne1 Nxd4 32. Bxh5 Kxh5 33. exd4 Re2
34. Nd3 Re4 35. Ne5 Rxd4 36. Nxf7 Rf4 37. Ng5 Rxf2+ 38. Kg3 Raf8 39. Rde1 Bc7+
40. Kh3 R8f4 0-1

[Event "26th 4NCL Congress"]
[Site "Woodland Grange, Old Milverton"]
[Date "2021.09.11"]
[Round "2.23"]
[White "Latypova, Olga L"]
[Black "Holt, Trevor J"]
[Result "1-0"]
[WhiteElo "1701"]
[BlackElo "1780"]
[PlyCount "85"]
[EventDate "2021.09.10"]

1. e4 e5 2. Nf3 d6 3. Bc4 f5 4. d3 Be7 5. Nc3 c6 6. a4 f4 7. d4 Qc7 8. h3 Nh6
9. O-O Nf7 10. Bxf7+ Kxf7 11. Qd3 g5 12. Qc4+ Kg7 13. dxe5 dxe5 14. Nd5 Qd6 15.
Nxe7 Qxe7 16. Qc3 Re8 17. b3 h5 18. Ba3 Qf6 19. Rfd1 g4 20. Rd6 Re6 21. Rxe6
Bxe6 22. hxg4 hxg4 23. Nxe5 Nd7 24. Bb2 Kh7 25. Nxd7 Qxc3 26. Bxc3 Bxd7 27. Rd1
Be8 28. f3 gxf3 29. gxf3 Bh5 30. Kf2 Rg8 31. Rd7+ Kh6 32. Be5 Kg5 33. Rxb7 Rd8
34. Bc3 Rd1 35. Rg7+ Bg6 36. Ke2 Rh1 37. Be5 Rh2+ 38. Kd3 Rf2 39. Bxf4+ Kxf4
40. Rxg6 Rxf3+ 41. Kd4 Rh3 42. Rf6+ Kg5 43. Rxc6 1-0

[Event "26th 4NCL Congress"]
[Site "Woodland Grange, Old Milverton"]
[Date "2021.09.11"]
[Round "2.24"]
[White "Sengenberger, Sara"]
[Black "Knight, Colin B"]
[Result "0-1"]
[WhiteElo "1638"]
[BlackElo "1745"]
[PlyCount "88"]
[EventDate "2021.09.10"]

1. e4 d5 2. exd5 Nf6 3. d4 Nxd5 4. Nf3 g6 5. c4 Nf6 6. Be2 Bg7 7. O-O O-O 8.
Qc2 Nc6 9. a3 Nxd4 10. Nxd4 Qxd4 11. Be3 Qe5 12. Nc3 c6 13. Rad1 Bf5 14. Qd2
Ne4 15. Nxe4 Qxe4 16. f3 Qe5 17. Bd4 Qc7 18. Bxg7 Kxg7 19. Qc3+ Kg8 20. c5 Be6
21. Rd2 Bd5 22. b4 b5 23. cxb6 Qxb6+ 24. Qd4 e6 25. Rc1 Qxd4+ 26. Rxd4 Kg7 27.
b5 cxb5 28. Bxb5 Rfc8 29. Rdd1 Kf6 30. Kf2 Ke7 31. Ba6 Rxc1 32. Rxc1 Kd6 33.
Rb1 Kc7 34. Ke3 Rb8 35. Rxb8 Kxb8 36. g3 Kc7 37. Bb5 Kd6 38. f4 e5 39. Bd3 h6
40. h4 Ke6 41. Bc2 Kf6 42. Bd3 g5 43. f5 gxh4 44. gxh4 Bg2 0-1

[Event "26th 4NCL Congress"]
[Site "Woodland Grange, Old Milverton"]
[Date "2021.09.11"]
[Round "3.1"]
[White "Varley, Joe"]
[Black "Jackson, Gary C"]
[Result "1-0"]
[WhiteElo "1892"]
[BlackElo "1923"]
[PlyCount "57"]
[EventDate "2021.09.10"]

1. e4 c5 2. Nf3 d6 3. d4 cxd4 4. Nxd4 Nf6 5. Nc3 g6 6. Be3 Bg7 7. f3 O-O 8. Qd2
Nc6 9. O-O-O d5 10. Nxc6 bxc6 11. Bh6 e6 12. h4 Qb6 13. Bxg7 Kxg7 14. g4 Rb8
15. b3 dxe4 16. g5 Nh5 17. Nxe4 Qb4 18. c3 Qa3+ 19. Kb1 e5 20. Bc4 Bf5 21. Qd6
Qxd6 22. Rxd6 Rb6 23. Kb2 Bxe4 24. fxe4 a5 25. a4 f5 26. Rd7+ Kh8 27. exf5 gxf5
28. Re7 e4 29. Rd1 1-0

[Event "26th 4NCL Congress"]
[Site "Woodland Grange, Old Milverton"]
[Date "2021.09.11"]
[Round "3.2"]
[White "Hickman, John E"]
[Black "Phillips, Owen S"]
[Result "1-0"]
[WhiteElo "1876"]
[BlackElo "1998"]
[PlyCount "61"]
[EventDate "2021.09.10"]

1. e4 c6 2. d3 d5 3. Nd2 dxe4 4. dxe4 g6 5. Ngf3 Bg7 6. Bc4 e5 7. O-O b5 8. Bb3
a5 9. a4 Ba6 10. Re1 Ra7 11. Nf1 Rd7 12. Bd2 b4 13. Qc1 h6 14. c3 Bxf1 15. Kxf1
g5 16. h3 Rd3 17. Bc4 Rxf3 18. gxf3 Qd7 19. Kg2 Nf6 20. cxb4 Rg8 21. Qc3 Nh5
22. Red1 Bf6 23. Kh2 Qc8 24. bxa5 Kf8 25. Qb4+ Be7 26. Qb6 Nd7 27. Qa6 Qc7 28.
Be3 Nb8 29. Qb6 Qxb6 30. axb6 Nf6 31. a5 1-0

[Event "26th 4NCL Congress"]
[Site "Woodland Grange, Old Milverton"]
[Date "2021.09.11"]
[Round "3.3"]
[White "Dean, Robert A"]
[Black "Gillespie, David P"]
[Result "0-1"]
[WhiteElo "1866"]
[BlackElo "1997"]
[PlyCount "64"]
[EventDate "2021.09.10"]

1. e4 c6 2. c4 d5 3. cxd5 cxd5 4. exd5 Nf6 5. Nc3 g6 6. d4 Bg7 7. Nf3 O-O 8.
Bd3 Nxd5 9. O-O Nc6 10. Qb3 Be6 11. Ng5 Nxd4 12. Qxb7 Nxc3 13. bxc3 Bd5 14. Qa6
Nc6 15. Bb2 Rb8 16. Rab1 Rb6 17. Qa4 Bxa2 18. Qh4 h6 19. Bxg6 Bxb1 20. Bxb1
Rxb2 21. Qe4 f5 22. Qc4+ Kh8 23. Ne6 Ne5 24. Qa4 Qd7 25. Qxd7 Nxd7 26. Nxf8
Nxf8 27. Bxf5 Bxc3 28. g4 Ra2 29. h4 Ra1 30. Rxa1 Bxa1 31. f4 Kg7 32. g5 Ng6
0-1

[Event "26th 4NCL Congress"]
[Site "Woodland Grange, Old Milverton"]
[Date "2021.09.11"]
[Round "3.4"]
[White "Shenbagakumar, Gautham"]
[Black "Sarfas, Robin"]
[Result "1-0"]
[WhiteElo "1866"]
[BlackElo "1983"]
[PlyCount "73"]
[EventDate "2021.09.10"]

1. e4 c5 2. Nf3 Nc6 3. d4 cxd4 4. Nxd4 Nf6 5. Nc3 e5 6. Ndb5 d6 7. Bg5 a6 8.
Na3 b5 9. Nd5 Be7 10. Bxf6 Bxf6 11. c4 b4 12. Nc2 O-O 13. Qd3 a5 14. Rd1 Bg5
15. Nce3 Bxe3 16. Nxe3 Nd4 17. Nc2 Nxc2+ 18. Qxc2 Bd7 19. Bd3 Qg5 20. f3 Rac8
21. Qd2 Qh4+ 22. Qf2 Qxf2+ 23. Kxf2 Rfd8 24. Rd2 Kf8 25. b3 Ke7 26. Rhd1 Rc6
27. g3 Bc8 28. f4 g6 29. Be2 exf4 30. gxf4 Rd7 31. Bg4 Rdc7 32. Bxc8 Rxc8 33.
Rd5 Ra8 34. Rb5 Rc5 35. Rb7+ Kf6 36. Rxd6+ Kg7 37. Rdd7 1-0

[Event "26th 4NCL Congress"]
[Site "Woodland Grange, Old Milverton"]
[Date "2021.09.11"]
[Round "3.5"]
[White "Idle, Oscar J"]
[Black "Cawston, M John"]
[Result "1-0"]
[WhiteElo "1979"]
[BlackElo "1863"]
[PlyCount "39"]
[EventDate "2021.09.10"]

1. d4 Nf6 2. c4 Nc6 3. d5 Ne5 4. Nc3 e6 5. e4 Bb4 6. f4 Ng6 7. Bd3 O-O 8. e5
Bxc3+ 9. bxc3 Ne8 10. Nf3 b6 11. h4 f5 12. Ng5 h6 13. Qh5 hxg5 14. Qxg6 g4 15.
Ba3 Rf7 16. O-O-O a6 17. dxe6 dxe6 18. Bxf5 Qxd1+ 19. Rxd1 exf5 20. e6 1-0

[Event "26th 4NCL Congress"]
[Site "Woodland Grange, Old Milverton"]
[Date "2021.09.11"]
[Round "3.7"]
[White "Dasgupta, Avyukt"]
[Black "Taylor, Robert G"]
[Result "1/2-1/2"]
[WhiteElo "1779"]
[BlackElo "1960"]
[PlyCount "49"]
[EventDate "2021.09.10"]

1. d4 Nf6 2. Bf4 e6 3. e3 c5 4. c3 Nc6 5. Nd2 b6 6. Ngf3 Bb7 7. h3 Be7 8. Bd3
O-O 9. O-O d5 10. Bh2 Nd7 11. Ne5 Ndxe5 12. Bxe5 f5 13. f4 Qe8 14. Nf3 Qh5 15.
Qe1 h6 16. Be2 Qf7 17. Qg3 a5 18. a4 Ba6 19. Bxa6 Rxa6 20. Kh2 Kh7 21. Rad1 Rg8
22. Qe1 Qe8 23. Qe2 Qc8 24. Rc1 Ra8 25. Ra1 1/2-1/2

[Event "26th 4NCL Congress"]
[Site "Woodland Grange, Old Milverton"]
[Date "2021.09.11"]
[Round "3.8"]
[White "Angheluta, Ovidiu"]
[Black "Di-Vetta, Andrew"]
[Result "1-0"]
[WhiteElo "1953"]
[BlackElo "1799"]
[PlyCount "107"]
[EventDate "2021.09.10"]

1. e4 c5 2. c4 Nc6 3. g3 g6 4. Bg2 Bg7 5. Nc3 d6 6. Nge2 a6 7. a3 Nf6 8. O-O
O-O 9. d3 Nh5 10. Rb1 Bd7 11. h3 e6 12. g4 Nf6 13. f4 Ne8 14. f5 Nd4 15. Nxd4
Bxd4+ 16. Kh2 Bc6 17. Bh6 Ng7 18. Qd2 Be5+ 19. Kh1 Kh8 20. Qf2 Rg8 21. f6 Ne8
22. g5 Qa5 23. Rfc1 Bd4 24. Qe2 Rd8 25. h4 Qc7 26. b4 cxb4 27. axb4 Bd7 28. Qf3
Rc8 29. Ne2 Ba7 30. h5 e5 31. Rf1 Be6 32. Bg7+ Rxg7 33. fxg7+ Kxg7 34. h6+ Kf8
35. Bh3 Bxh3 36. Qxh3 Rd8 37. Rf3 Qd7 38. Qf1 Kg8 39. Nc3 Qg4 40. Qg2 Qxg2+ 41.
Kxg2 Nc7 42. b5 Ne6 43. b6 Bb8 44. Rg3 Nf4+ 45. Kf2 Kf8 46. Nd5 Nxd5 47. cxd5
Rc8 48. Ke3 f5 49. gxf6 Rc2 50. Rf3 Kf7 51. Rff1 Rh2 52. Rbc1 Rb2 53. Rc8 Rxb6
54. Rxb8 1-0

[Event "26th 4NCL Congress"]
[Site "Woodland Grange, Old Milverton"]
[Date "2021.09.11"]
[Round "3.10"]
[White "Macphail, Kieran"]
[Black "Bussmann, John"]
[Result "1-0"]
[WhiteElo "1756"]
[BlackElo "1893"]
[PlyCount "65"]
[EventDate "2021.09.10"]

1. e4 d6 2. d4 Nf6 3. Nc3 g6 4. Be3 c6 5. h3 b5 6. e5 Nfd7 7. Nf3 b4 8. Ne4 Qa5
9. exd6 exd6 10. Bd3 d5 11. Ng3 Bg7 12. O-O O-O 13. a3 f5 14. Bd2 Qc7 15. Bxb4
c5 16. dxc5 Nxc5 17. Bxc5 Qxc5 18. b4 Qb6 19. Rb1 Nd7 20. c4 dxc4 21. Bxc4+ Kh8
22. Re1 Nf6 23. Re7 Qc7 24. Ne5 Qb6 25. Nf7+ Kg8 26. Qe2 a5 27. Nh6+ Kh8 28.
Rxg7 Kxg7 29. Qe7+ Kxh6 30. Qxf8+ Kg5 31. h4+ Kf4 32. Re1 Kg4 33. Qh6 1-0

[Event "26th 4NCL Congress"]
[Site "Woodland Grange, Old Milverton"]
[Date "2021.09.11"]
[Round "3.11"]
[White "Iskauskas, Alexander"]
[Black "Waterfield, Mark Bw"]
[Result "0-1"]
[WhiteElo "1893"]
[BlackElo "1756"]
[PlyCount "74"]
[EventDate "2021.09.10"]

1. e4 e6 2. d4 d5 3. Nd2 c5 4. c3 cxd4 5. cxd4 Nc6 6. Ngf3 dxe4 7. Nxe4 Bb4+ 8.
Bd2 Be7 9. Bc3 Nf6 10. Bd3 Nd5 11. O-O O-O 12. Rc1 b6 13. Bb1 Bb7 14. Qd3 g6
15. a3 Rc8 16. Rfe1 Nxc3 17. Rxc3 Kg7 18. Qd2 Na5 19. Rxc8 Bxc8 20. b4 Nb7 21.
Re3 Nd6 22. h4 Nc4 23. Qe2 Nxe3 24. fxe3 Bb7 25. h5 Qa8 26. Ned2 Rc8 27. hxg6
hxg6 28. Ne5 Bf6 29. Qf1 Rc7 30. Ndc4 Ba6 31. Bd3 Bxc4 32. Nxc4 Qh8 33. Nd2 Qh6
34. Qf3 Rc1+ 35. Kf2 Qh4+ 36. Qg3 Qxg3+ 37. Kxg3 Rd1 0-1

[Event "26th 4NCL Congress"]
[Site "Woodland Grange, Old Milverton"]
[Date "2021.09.11"]
[Round "3.12"]
[White "Maladkar, Lavanya"]
[Black "Khan, Khalid"]
[Result "1-0"]
[WhiteElo "1885"]
[BlackElo "1735"]
[PlyCount "85"]
[EventDate "2021.09.10"]

1. d4 d5 2. c4 Nf6 3. Nc3 e6 4. Nf3 c5 5. dxc5 Bxc5 6. cxd5 exd5 7. e3 Nc6 8.
Bb5 O-O 9. O-O a6 10. Na4 Ba7 11. Be2 Qc7 12. b3 b5 13. Nc3 Bb7 14. Bb2 Rad8
15. Nd4 Rfe8 16. Bf3 Bb8 17. g3 Ne5 18. Bg2 h5 19. Rc1 Qd7 20. Nce2 h4 21. h3
Ne4 22. f4 Ng6 23. g4 Ng3 24. Nxg3 hxg3 25. Nf5 f6 26. Bd4 Ne7 27. Nxg3 Nc6 28.
Bb6 Ba7 29. Bxa7 Nxa7 30. Qf3 Nc6 31. Rc5 Nb4 32. a3 Nd3 33. Rc2 Ba8 34. Qd1
Rxe3 35. Nf5 Qa7 36. Nxe3 Qxe3+ 37. Kh2 Re8 38. Rf3 Qe1 39. Rxd3 Qh4 40. Re2
Rd8 41. Bxd5+ Bxd5 42. Rxd5 Rf8 43. Rh5 1-0

[Event "26th 4NCL Congress"]
[Site "Woodland Grange, Old Milverton"]
[Date "2021.09.11"]
[Round "3.13"]
[White "Brocklehurst, Andrew"]
[Black "Sloan, Cecil"]
[Result "1-0"]
[WhiteElo "1983"]
[BlackElo "1734"]
[PlyCount "62"]
[EventDate "2021.09.10"]

1. e4 c5 2. Nf3 e6 3. d4 cxd4 4. Nxd4 Nf6 5. Bd3 Nc6 6. Nxc6 bxc6 7. O-O d5 8.
exd5 cxd5 9. Nc3 Be7 10. Bf4 a6 11. Re1 O-O 12. Qe2 Bb7 13. Rad1 Qb6 14. Be3
Qc6 15. Bd4 Nd7 16. Qf3 Bf6 17. Bxf6 Nxf6 18. Re5 Qc7 19. Qg3 Qe7 20. Rde1 Nd7
21. Nxd5 Bxd5 22. Rxd5 Nf6 23. Rde5 Qb4 24. b3 Qa3 25. Rg5 g6 26. h4 Qb4 27.
Re3 Qd2 28. Rf3 Kg7 29. Qe5 h6 30. Qxf6+ Kh7 31. Bxg6+ fxg6 1-0

[Event "26th 4NCL Congress"]
[Site "Woodland Grange, Old Milverton"]
[Date "2021.09.11"]
[Round "3.14"]
[White "Graff, Ben"]
[Black "Latypova, Olga L"]
[Result "1-0"]
[WhiteElo "1844"]
[BlackElo "1701"]
[PlyCount "129"]
[EventDate "2021.09.10"]

1. e4 c5 2. Nc3 e6 3. b3 a6 4. a4 Qc7 5. Nf3 d6 6. Bb2 Nf6 7. d4 cxd4 8. Nxd4
b6 9. Bd3 Bb7 10. O-O Nbd7 11. Qe2 g6 12. Kh1 Bg7 13. f4 O-O 14. Rad1 Kh8 15.
Nb1 Nc5 16. Nd2 Rfd8 17. Ba1 Rac8 18. e5 Nd5 19. exd6 Qxd6 20. Ne4 Nxe4 21.
Bxe4 Nxf4 22. Rxf4 Qxf4 23. Bxb7 Rc7 24. Be4 Rcd7 25. Rf1 Qh4 26. Nf3 Qg4 27.
Bxg7+ Kxg7 28. Bd3 Qh5 29. Bxa6 Qc5 30. Bd3 Rc7 31. Qe5+ Qxe5 32. Nxe5 Rd5 33.
Nc4 b5 34. axb5 Rxb5 35. Ra1 Rb8 36. Kg1 f5 37. Ra6 Re7 38. Ne5 Rbb7 39. Bc4
Kf6 40. Nc6 Re8 41. Nd4 Rb4 42. Nb5 Rxc4 43. bxc4 Rc8 44. Na3 h6 45. Rb6 Kf7
46. Rb3 e5 47. Rc3 Rc5 48. Kf2 Ke6 49. Nb5 Ke7 50. Ke3 g5 51. g3 Ke6 52. Kd3 f4
53. g4 f3 54. Ke3 e4 55. Na3 Ke5 56. Rb3 f2 57. Kxf2 Kf4 58. h3 Re5 59. Re3 Rc5
60. Ke2 Rc6 61. Rc3 Rc5 62. Nb1 e3 63. Rxe3 Rxc4 64. Rf3+ Ke4 65. Nd2+ 1-0

[Event "26th 4NCL Congress"]
[Site "Woodland Grange, Old Milverton"]
[Date "2021.09.11"]
[Round "3.15"]
[White "Thooran, Kavin"]
[Black "O'gorman, Brendan"]
[Result "0-1"]
[WhiteElo "1123"]
[BlackElo "1843"]
[PlyCount "82"]
[EventDate "2021.09.10"]

1. e4 c5 2. c3 g6 3. d4 cxd4 4. cxd4 d5 5. e5 Nc6 6. Bb5 Bd7 7. Nc3 e6 8. Nf3
Bg7 9. Bg5 Nge7 10. Qd2 O-O 11. Bh6 Qb6 12. Bxg7 Kxg7 13. Bd3 Nxd4 14. Nxd4
Qxd4 15. Qe2 Nc6 16. Qe3 Qxe3+ 17. fxe3 Nxe5 18. Bc2 Nc4 19. O-O-O Nxe3 20.
Rde1 Nxc2 21. Kxc2 Rac8 22. Kb1 Rc7 23. Rhf1 Rfc8 24. Rd1 Rc4 25. Rc1 d4 26.
Ne2 Rxc1+ 27. Rxc1 Rxc1+ 28. Kxc1 e5 29. Kd2 f5 30. g3 Kf6 31. Nc1 e4 32. a3
Ke5 33. Ne2 e3+ 34. Ke1 Bb5 35. Nc1 g5 36. h3 f4 37. gxf4+ gxf4 38. h4 f3 39.
Ne2 Bxe2 40. b4 d3 41. b5 f2# 0-1